Obligaciones (Registro nro. 8209)

Detalles MARC
000 -LEADER
fixed length control field 02850 a2200241 4500
001 - CONTROL NUMBER
control field 63524
005 - DATE AND TIME OF LATEST TRANSACTION
control field 20260407155933.0
008 - FIXED-LENGTH DATA ELEMENTS--GENERAL INFORMATION
fixed length control field 260407a2025 arg spa d
003 - CONTROL NUMBER IDENTIFIER
control field AR-UNSa-BCEJYS
040 ## - CATALOGING SOURCE
Original cataloging agency AR-UNSa-BCEJYS
Language of cataloging spa
Transcribing agency AR-UNSa-BCEJYS
080 ## - UNIVERSAL DECIMAL CLASSIFICATION NUMBER
Universal Decimal Classification number 347.4
Common auxiliary subdivision Obligaciones. Contratos. Acuerdos. Convenios
020 ## - INTERNATIONAL STANDARD BOOK NUMBER
International Standard Book Number 978-950-20-3131-6
041 ## - LANGUAGE CODE
Language code of text/sound track or separate title spa
100 1# - MAIN ENTRY--PERSONAL NAME
Personal name Ossola, Federico A.
245 10 - TITLE STATEMENT
Title Obligaciones
250 ## - EDITION STATEMENT
Edition statement 2a. ed.
264 #1 - PRODUCTION, PUBLICATION, DISTRIBUTION, MANUFACTURE, AND COPYRIGHT NOTICE
Place of production, publication, distribution, manufacture Buenos Aires :
Name of producer, publisher, distributor, manufacturer Abeledo Perrot
Date of production, publication, distribution, manufacture, or copyright notice 2025
300 ## - PHYSICAL DESCRIPTION
Extent xlvii, 1012 p.
Dimensions 24 cm.
505 ## - FORMATTED CONTENTS NOTE
Formatted contents note 1. Nociones introductorias - 2. La relación de obligación - 3. Los elementos esenciales de la relación de obligación - 4. Criterios de clasificación. Principios que rigen el cumplimiento - 5. Obligaciones principales y accesorias - 6. Obligaciones civiles, obligaciones naturales y deberes morales o de conciencia relativos - 7. Obligaciones con modalidades - 8. Obligaciones de dar cosas ciertas - 9. Obligaciones de género - 10. Obligaciones relativas a bienes que no son cosas - 11. Obligaciones de dar dinero - 12. obligaciones de hacer y no hacer - 13. obligaciones alternativas - 14. Obligaciones facultativas - 15. Obligaciones de medios y de resultado - 16. Obligaciones de sujetos únicos y sujetos plurales. obligaciones divisibles e indivisibles - 17. Obligaciones simplemente mancomunadas y solidarias - 18. Obligaciones concurrentes. Obligaciones disyuntivas - 19. Los efectos de las obligaciones - 20. Reconocimiento de las obligaciones - 21. Cumplimiento(pago) e incumplimiento obligacional. Conceptuación y caracterización - 22. Régimen general del pago o cumplimiento - 23. Cumplimiento forzado de las obligaciones a instancias del acreedor - 24. Cumplimiento de las obligaciones a instancias del deudor. El pago por consignación - 25. Incumplimiento obligacional. Teoría general - 26. Incumplimiento obligacional imputable al deudor - 27. Incumplimiento obligacional imputable al acreedor - 28. Incumpliento obligacional no imputable a las partes - 29. La garantía patrimonial del acreedor - 30. Medidas de tutela preventiva del crédito - 31. Medidas de tutela preventiva del crédito(cont.). Acciones de integración del patrimonio del deudor - 32. Privilegios. Preferencia del embargante - 33. Modificación de las obligaciones en general - 34. Transmisión de las obligaciones - 35. La extinción de las obligaciones. Aspectos generales - 36. Compensación - 37. Confusión - 38. Novación - 39. Dación en pago - 40. Renuncia a los derechos y remisión de la deuda - 41. Transacción - 42. Previsión liberatoria o extintiva - 43. Caducidad de los derechos - 44. Las diversas fuentes -
590 ## - LOCAL NOTE (RLIN)
Local note niveau_biblio:m niveau_hierar:0
856 41 - ELECTRONIC LOCATION AND ACCESS
Uniform Resource Identifier <a href="http://www.biblioeco.unsa.edu.ar/pmb/images/libros/L129407.jpg">http://www.biblioeco.unsa.edu.ar/pmb/images/libros/L129407.jpg</a>
Link text Imagen de portada
Electronic format type image/jpeg
942 ## - ADDED ENTRY ELEMENTS (KOHA)
Koha item type
Existencias
Withdrawn status Lost status Damaged status Not for loan Home library Current library Shelving location Date acquired Total checkouts Full call number Barcode Date last seen Price effective from Koha item type
        Biblioteca Prof. Eusebio Cleto del Rey Biblioteca Prof. Eusebio Cleto del Rey   07/04/2026   347.4 O84 2ed. L129406 07/04/2026 07/04/2026 Libro
        Biblioteca Prof. Eusebio Cleto del Rey Biblioteca Prof. Eusebio Cleto del Rey   07/04/2026   347.4 O84 2ed. L129407 07/04/2026 07/04/2026 Libro